Music Quiz

Random Music or Lyrics Quiz

King Crimson - 21st Century Schizoid Man lyrics Quiz Stats

Quiz not verified by Sporcle

Challenge
Share
Tweet
Embed
Score 0/56 Timer 10:00
0 Plays Today
% Correct
Twenty-
100%
Century
100%
Schizoid
100%
Man
100%
Twenty-
100%
Century
100%
Schizoid
100%
Man
100%
Twenty-
100%
Century
100%
Schizoid
100%
Man
100%
[Instrumental: 'Mirrors']
100%
first
93.3%
first
93.3%
first
93.3%
for
88.9%
more
88.9%
Iron
83.3%
claw
83.3%
scream
77.8%
Neuro-
72.2%
surgeons
72.2%
door
72.2%
funeral
72.2%
pyre
72.2%
with
72.2%
he's
72.2%
% Correct
got
72.2%
he
72.2%
really
72.2%
foot,
66.7%
barbed
66.7%
wire
66.7%
Politician's
66.7%
Innocents
66.7%
raped
66.7%
napalm
66.7%
fire
66.7%
blind
66.7%
man's
66.7%
bleed
66.7%
Nothing
66.7%
needs
66.7%
Cat's
61.1%
at
61.1%
paranoia's
61.1%
seed,
61.1%
greed
61.1%
children
61.1%
poison
55.6%
rack,
50%
Death
50%
Poet's
50%
Blood
44.4%
starving,
44.4%

You're not logged in!

Compare scores with friends on all Sporcle quizzes.
Sign Up with Email
OR
Log In

You Might Also Like...

Show Comments

Extras

Top Quizzes Today


Score Distribution

Your Account Isn't Verified!

In order to create a playlist on Sporcle, you need to verify the email address you used during registration. Go to your Sporcle Settings to finish the process.